Česko-nemecký slovník. 2 díl : P-Z /

Enregistré dans:
Détails bibliographiques
Autres auteurs: Siebenschein, Hugo (Compilateur)
Format: Livre
Langue:multilingue
Publié: Praha : Státní pedagogické nakladatelství, 1986
Édition:3.prep.vyd.
Tags: Ajouter un tag
Pas de tags, Soyez le premier à ajouter un tag!

MARC

LEADER 00000nam a22000003a 4500
001 stu2903
005 20150617225616.7
008 930122s1986----cs------------------mul-d
040 |a STU  |b slo 
041 0 |a mul 
044 |a cs 
080 |a 801.323.2=850=30 
100 1 |a Siebenschein, Hugo  |4 com 
245 1 |a Česko-nemecký slovník. 2 díl :  |b P-Z /  |c Hlav.red.: Siebenschein,Hugo 
250 |a 3.prep.vyd. 
260 |a Praha :  |b Státní pedagogické nakladatelství,  |c 1986 
300 |a 1007 s 
996 |b E67346  |c E*67346  |l EE04  |s P  |a 0  |w stu2903_0002